When other stories and other stories / (Record no. 47866)

MARC details
000 -LEADER
fixed length control field 00612nam a22001817a 4500
005 - DATE AND TIME OF LATEST TRANSACTION
control field 20100928103352.0
008 - FIXED-LENGTH DATA ELEMENTS--GENERAL INFORMATION
fixed length control field 100928t xxu||||| |||| 00| 0 eng d
020 ## - INTERNATIONAL STANDARD BOOK NUMBER
International Standard Book Number 8126011386
Terms of availability 75.00
035 ## - SYSTEM CONTROL NUMBER
System control number B-130338
082 ## - DEWEY DECIMAL CLASSIFICATION NUMBER
Classification number S
100 ## - MAIN ENTRY--PERSONAL NAME
Personal name Lankesh, P.
9 (RLIN) 22107
245 ## - TITLE STATEMENT
Title When other stories and other stories /
Statement of responsibility, etc by P. Lankesh ; edited by Vanamala Viswanatha
260 ## - PUBLICATION, DISTRIBUTION, ETC. (IMPRINT)
Place of publication, distribution, etc New Delhi
Name of publisher, distributor, etc Sahitya Akademi
Date of publication, distribution, etc 2004
300 ## - PHYSICAL DESCRIPTION
Extent 178p.
Dimensions 21cm (pbk)
700 ## - ADDED ENTRY--PERSONAL NAME
Personal name Viswanatha, Vanamala
9 (RLIN) 22108
942 ## - ADDED ENTRY ELEMENTS (KOHA)
Source of classification or shelving scheme Dewey Decimal Classification
Item type English Books
Classification part S
Call number suffix LAN
Holdings
Withdrawn status Lost status Source of classification or shelving scheme Damaged status Not for loan Collection code Home library Current library Date acquired Cost, normal purchase price Total Checkouts Barcode Date last seen Copy number Cost, replacement price Koha item type
    Dewey Decimal Classification   Not For Loan Fiction Patel Nagar Patel Nagar 28/09/2010 75.00   B-130338 28/09/2010 1 75.00 English Books

© Delhi Public Library
Hit Counter
free hit counter